[Event "Wroclaw Anderssen Memorial"]
[Site "Wroclaw"]
[Date "2021.07.31"]
[Round "8"]
[White "Raczykowska, Paulina"]
[Black "Kanicki, Krzysztof"]
[Result "0-1"]
[WhiteElo "1897"]
[BlackElo "2139"]
[PlyCount "70"]
[EventDate "2021.07.31"]
[EventType "swiss (rapid)"]
[EventRounds "9"]
[EventCountry "POL"]
[SourceTitle "CBM 203 Extra"]
[Source "ChessBase"]
[SourceDate "2021.09.30"]
[SourceVersion "1"]
[SourceVersionDate "2021.09.30"]
[SourceQuality "1"]

1. e4 c5 2. Nf3 Nc6 3. d4 cxd4 4. Nxd4 Nf6 5. Nc3 d6 6. Nb3 a6 7. Bd3 e6 8. 0-0 Be7 9. f4 0-0 10. Bd2 b5 11. a3 Bb7 12. Qf3 b4 13. axb4 Nxb4 14. Na5 Nxd3 15. cxd3 Qb6+ 16. Kh1 Rfc8 17. Na4 Qb5 18. Nc3 Qd7 19. Qh3 Bd8 20. Nb3 Bb6 21. Rf3 a5 22. Raf1 a4 23. Nc1 a3 24. bxa3 Rxa3 25. N1e2 Ba5 26. Nb1 Ra2 27. Bxa5 Rxa5 28. f5 exf5 29. Rg3 fxe4 30. Rxf6 Qxh3 31. Rxh3 gxf6 32. Rg3+ Rg5 33. Rxg5+ fxg5 34. dxe4 Bxe4 35. Nbc3 d5 0-1

[Event "POL-chT U20 1st League"]
[Site "Kudowa Zdroj"]
[Date "2018.07.27"]
[Round "7.23"]
[White "Karlyk, Maria"]
[Black "Raczykowska, Paulina"]
[Result "0-1"]
[WhiteElo "1726"]
[BlackElo "1890"]
[PlyCount "84"]
[EventDate "2018.07.21"]
[EventType "team-tourn"]
[EventRounds "9"]
[EventCountry "POL"]
[SourceTitle "CBM 186 Extra"]
[Source "ChessBase"]
[SourceDate "2018.08.24"]
[SourceVersion "1"]
[SourceVersionDate "2018.08.24"]
[SourceQuality "1"]

1. e4 e5 2. Nf3 Nc6 3. Bc4 Bc5 4. c3 Nf6 5. d4 exd4 6. e5 d5 7. Bb5 Ne4 8. cxd4 Bb6 9. Nbd2 0-0 10. Bxc6 bxc6 11. Qc2 Bg4 12. Nxe4 dxe4 13. Qxe4 Bxf3 14. gxf3 Qxd4 15. Qxd4 Bxd4 16. f4 f6 17. exf6 Rxf6 18. 0-0 Rg6+ 19. Kh1 Re8 20. Bd2 Re2 21. Bc3 Bxc3 22. bxc3 Rg4 23. Rab1 Rxa2 24. Rb7 Rxf4 25. Rxc7 Rf6 26. Rg1 Rfxf2 27. Rcxg7+ Kf8 28. Rxh7 Rfc2 29. Rh8+ Ke7 30. Rh3 Kd6 31. Rg5 Ra1+ 32. Rg1 Rxg1+ 33. Kxg1 a5 34. Rd3+ Kc5 35. h4 a4 36. h5 a3 37. h6 Rc1+ 38. Kf2 a2 39. h7 Rh1 40. Rd1 Rxh7 41. Ra1 Rh2+ 42. Ke3 Kc4 0-1

[Event "POL-chT U20 1st League"]
[Site "Kudowa Zdroj"]
[Date "2018.07.21"]
[Round "1.5"]
[White "Raczykowska, Paulina"]
[Black "Lascar, Maria Elena"]
[Result "1-0"]
[WhiteElo "1890"]
[BlackElo "1604"]
[PlyCount "53"]
[EventDate "2018.07.21"]
[EventType "team-tourn"]
[EventRounds "9"]
[EventCountry "POL"]
[SourceTitle "CBM 186 Extra"]
[Source "ChessBase"]
[SourceDate "2018.08.24"]
[SourceVersion "1"]
[SourceVersionDate "2018.08.24"]
[SourceQuality "1"]

1. e4 c5 2. Nf3 Nc6 3. d4 cxd4 4. Nxd4 Qc7 5. Nc3 e6 6. Be2 a6 7. 0-0 Nf6 8. Be3 Bb4 9. Na4 Bd6 10. g3 b5 11. Nb6 Rb8 12. Nxc8 Rxc8 13. Bd3 Nxd4 14. Bxd4 Be5 15. Bxe5 Qxe5 16. a4 0-0 17. Qe2 Qxb2 18. axb5 axb5 19. Rab1 Qc3 20. Rxb5 d5 21. exd5 Nxd5 22. Qe4 Nf6 23. Qh4 Rc5 24. Rb3 Qe5 25. Rfb1 h5 26. Rb4 Ng4 27. Rxg4 1-0

[Event "POL-chT U20"]
[Site "Szczyrk"]
[Date "2017.07.27"]
[Round "6.29"]
[White "Raczykowska, Paulina"]
[Black "Kiolbasa, Oliwia"]
[Result "1/2-1/2"]
[WhiteElo "1847"]
[BlackElo "2253"]
[PlyCount "84"]
[EventDate "2017.07.22"]
[EventType "team-tourn"]
[EventRounds "9"]
[EventCountry "POL"]
[SourceTitle "EXT 2019"]
[Source "ChessBase"]
[SourceDate "2018.10.10"]
[SourceVersion "1"]
[SourceVersionDate "2018.10.10"]
[SourceQuality "1"]

1. e4 c5 2. Nf3 Nc6 3. d4 cxd4 4. Nxd4 Nf6 5. Nc3 e5 6. Ndb5 d6 7. Nd5 Nxd5 8. exd5 Nb8 9. c4 Nd7 10. Bd3 Be7 11. 0-0 0-0 12. f4 a6 13. Nc3 exf4 14. Bxf4 Qb6+ 15. Kh1 Ne5 16. b3 Bg4 17. Be2 Bd7 18. Ne4 Ng6 19. Bd2 f5 20. Nf2 Rac8 21. Nh3 Qd4 22. Bh5 Ne5 23. Qe1 b5 24. Bc3 Qh4 25. Qxh4 Bxh4 26. Bb4 Be7 27. Rfe1 g6 28. Bf3 Kf7 29. Bd2 bxc4 30. bxc4 Bf6 31. Ng5+ Kg8 32. Rab1 Nxc4 33. Bf4 Ne5 34. Be2 Rc2 35. Bxa6 Rxa2 36. Bf1 Ra5 37. Rb7 Bc8 38. Rc7 Bxg5 39. Bxg5 Rxd5 40. Be7 Re8 41. Bf6 Be6 42. Rg7+ Kf8 1/2-1/2

[Event "POL-chT U19 2nd League"]
[Site "Iwonicz"]
[Date "2016.07.31"]
[Round "11.30"]
[White "Raczykowska, Paulina"]
[Black "Budkiewicz, Magdalena"]
[Result "1/2-1/2"]
[WhiteElo "1679"]
[BlackElo "1651"]
[PlyCount "88"]
[EventDate "2016.07.23"]
[EventType "team-swiss"]
[EventRounds "11"]
[EventCountry "POL"]
[SourceTitle "EXT 2019"]
[Source "ChessBase"]
[SourceDate "2018.10.10"]
[SourceVersion "1"]
[SourceVersionDate "2018.10.10"]
[SourceQuality "1"]
[WhiteTeam "Kozuchow Odrodzenie U19"]
[BlackTeam "Wieliczka MKS MOS U19"]
[WhiteTeamCountry "POL"]
[BlackTeamCountry "POL"]

1. e4 c5 2. Nf3 d6 3. d4 cxd4 4. Nxd4 Nf6 5. Nc3 a6 6. Bc4 e6 7. Bb3 Qc7 8. f4 b5 9. a3 Nc6 10. Be3 Be7 11. 0-0 0-0 12. f5 Nxd4 13. Bxd4 e5 14. Be3 Bb7 15. Qf3 Rac8 16. Rae1 Qc6 17. Kh1 a5 18. Bd5 Qd7 19. Bxb7 Qxb7 20. Bg5 Qb6 21. Bxf6 Bxf6 22. Nd5 Qd8 23. c3 Be7 24. Rd1 Rc6 25. Rd3 Bg5 26. Qe2 Rc4 27. Rdf3 Bf6 28. Rd3 Rc6 29. Rh3 Rc5 30. Rd1 h6 31. Rhd3 Rc6 32. Rf1 Rc5 33. Qd1 Rc6 34. Rff3 Kh7 35. Rf1 Kg8 36. Qg4 Kh7 37. Rdd1 Rc4 38. Qe2 a4 39. Rd3 Re8 40. Rfd1 Rc6 41. Qh5 Rf8 42. Qe2 Re8 43. Qh5 Rf8 44. Qe2 Re8 1/2-1/2

[Event "POL-chT U19 2nd League"]
[Site "Iwonicz"]
[Date "2016.07.31"]
[Round "6.24"]
[White "Raczykowska, Paulina"]
[Black "Waligora, Julia"]
[Result "1-0"]
[WhiteElo "1679"]
[BlackElo "1349"]
[PlyCount "77"]
[EventDate "2016.07.23"]
[EventType "team-swiss"]
[EventRounds "11"]
[EventCountry "POL"]
[SourceTitle "EXT 2019"]
[Source "ChessBase"]
[SourceDate "2018.10.10"]
[SourceVersion "1"]
[SourceVersionDate "2018.10.10"]
[SourceQuality "1"]
[WhiteTeam "Kozuchow Odrodzenie U19"]
[BlackTeam "Konin UKS Smecz U19"]
[WhiteTeamCountry "POL"]
[BlackTeamCountry "POL"]

1. e4 e6 2. d4 d5 3. e5 c5 4. c3 Nc6 5. Nf3 Qb6 6. Bd3 Bd7 7. dxc5 Bxc5 8. 0-0 Qc7 9. Qe2 Nge7 10. h4 Ng6 11. Re1 Be7 12. g3 h5 13. Nbd2 a5 14. a4 0-0 15. Nb3 b6 16. Nbd4 Nxd4 17. Nxd4 Bc5 18. Qxh5 Bxd4 19. cxd4 Be8 20. Qg4 Nh8 21. h5 Qd7 22. Bg5 Ra7 23. Bf6 g6 24. h6 Kh7 25. Rf1 Rc7 26. Qg5 Rg8 27. Bd8 Rb7 28. Bf6 Ra7 29. Rfc1 Rc7 30. Rxc7 Qxc7 31. Bg7 Qb7 32. Qf6 Qd7 33. Bxh8 Qc7 34. Bg7 Qd7 35. Bf8 Qb7 36. Kg2 Qc7 37. Rh1 Qb7 38. Qg7+ Rxg7 39. hxg7+ 1-0

[Event "POL-chT U19 2nd League"]
[Site "Iwonicz"]
[Date "2016.07.31"]
[Round "3.54"]
[White "Raczykowska, Paulina"]
[Black "Wasala, Wiktoria"]
[Result "1-0"]
[WhiteElo "1679"]
[BlackElo "1365"]
[PlyCount "69"]
[EventDate "2016.07.23"]
[EventType "team-swiss"]
[EventRounds "11"]
[EventCountry "POL"]
[SourceTitle "EXT 2019"]
[Source "ChessBase"]
[SourceDate "2018.10.10"]
[SourceVersion "1"]
[SourceVersionDate "2018.10.10"]
[SourceQuality "1"]
[WhiteTeam "Kozuchow Odrodzenie U19"]
[BlackTeam "Radkow Giecek U19"]
[WhiteTeamCountry "POL"]
[BlackTeamCountry "POL"]

1. e4 e6 2. d4 d5 3. e5 c5 4. c3 Nc6 5. Nf3 Qb6 6. Bd3 Bd7 7. Bc2 cxd4 8. cxd4 Nb4 9. 0-0 Nxc2 10. Qxc2 Ne7 11. Nc3 Nc6 12. Be3 Na5 13. Rab1 Nc4 14. Qe2 Bb4 15. Ng5 h6 16. Qh5 g6 17. Qh3 Be7 18. Nf3 Nxe3 19. fxe3 0-0-0 20. Rfc1 Kb8 21. b4 Ka8 22. b5 f5 23. exf6 Bxf6 24. Na4 Qd6 25. Nc5 g5 26. Nd3 e5 27. Qg3 Qa3 28. Nfxe5 Bf5 29. Rb3 Qxa2 30. Rbc3 Bxd3 31. Nxd3 Qa5 32. Qf3 Rhf8 33. Qxf6 Qxc3 34. Qxd8+ Rxd8 35. Rxc3 1-0

[Event "POL-chT U19 2nd League"]
[Site "Iwonicz"]
[Date "2015.08.01"]
[Round "9.72"]
[White "Raczykowska, Paulina"]
[Black "Kupiecka, Julia"]
[Result "1-0"]
[WhiteElo "1585"]
[BlackElo "1056"]
[PlyCount "43"]
[EventDate "2015.07.25"]
[EventType "team-swiss"]
[EventRounds "11"]
[EventCountry "POL"]
[SourceTitle "EXT 2019"]
[Source "ChessBase"]
[SourceDate "2018.10.10"]
[SourceVersion "1"]
[SourceVersionDate "2018.10.10"]
[SourceQuality "1"]
[WhiteTeam "Kozuchow Odrodzenie U19"]
[BlackTeam "Gory Strzybniczanka Tarnowskie U19"]
[WhiteTeamCountry "POL"]
[BlackTeamCountry "POL"]

1. e4 e5 2. Nf3 Nc6 3. Bb5 a6 4. Ba4 Nf6 5. Qe2 b5 6. Bb3 Bc5 7. c3 d6 8. 0-0 h6 9. Rd1 Bg4 10. h3 Bh5 11. d3 0-0 12. Nbd2 Qe7 13. Nf1 Rad8 14. Ng3 Bg6 15. Nh4 Kh7 16. Nhf5 Qe8 17. Qf3 Qd7 18. Nxh6 gxh6 19. Qxf6 Rg8 20. Qh4 Kg7 21. Qxh6+ Kf6 22. Bg5# 1-0

[Event "POL-ch U14 Girls"]
[Site "Suwalki"]
[Date "2015.04.10"]
[Round "4"]
[White "Raczykowska, Paulina"]
[Black "Choinska, Debora"]
[Result "1/2-1/2"]
[WhiteElo "1531"]
[BlackElo "1375"]
[PlyCount "108"]
[EventDate "2015.04.08"]
[EventType "swiss"]
[EventRounds "9"]
[EventCountry "POL"]
[SourceTitle "EXT 2017"]
[Source "ChessBase"]
[SourceDate "2016.10.25"]
[SourceVersion "1"]
[SourceVersionDate "2016.10.25"]
[SourceQuality "1"]

1. e4 e5 2. Nf3 Nf6 3. Nxe5 d6 4. Nf3 Nxe4 5. Nc3 Nxc3 6. dxc3 Be7 7. Be3 Nc6 8. Qd2 a6 9. h3 Be6 10. 0-0-0 Qd7 11. Kb1 0-0-0 12. Nd4 Bf6 13. Nxe6 Qxe6 14. Be2 Kb8 15. Rhe1 Rhe8 16. Bf3 Ne5 17. Bd5 Qd7 18. Qd4 c5 19. Qd2 Qb5 20. Bg5 Bxg5 21. Qxg5 g6 22. Qf6 Qd7 23. f4 Nc6 24. a3 Kc7 25. g4 Rxe1 26. Rxe1 Re8 27. Rxe8 Qxe8 28. Qxf7+ Qxf7 29. Bxf7 Kd7 30. Bg8 h6 31. Bf7 g5 32. f5 Ne5 33. Bd5 b6 34. Kc1 Ke7 35. Kd2 Nd7 36. c4 Nb8 37. Ke3 a5 38. Kf3 Na6 39. Kg3 Nc7 40. Bc6 Kf7 41. Kf3 Ke7 42. Ke4 Kf6 43. Kd3 Ke7 44. c3 Na6 45. Bb7 Nc7 46. Ke4 Kf6 47. Bc6 Ke7 48. b4 axb4 49. axb4 cxb4 50. cxb4 Na6 51. b5 Nc7 52. Bd5 Kf6 53. Kd4 Ke7 54. Bf3 Kf6 1/2-1/2

[Event "POL-ch U14 Girls"]
[Site "Suwalki"]
[Date "2015.04.09"]
[Round "2"]
[White "Raczykowska, Paulina"]
[Black "Moscicka, Pola"]
[Result "1/2-1/2"]
[WhiteElo "1531"]
[BlackElo "1688"]
[PlyCount "270"]
[EventDate "2015.04.08"]
[EventType "swiss"]
[EventRounds "9"]
[EventCountry "POL"]
[SourceTitle "EXT 2017"]
[Source "ChessBase"]
[SourceDate "2016.10.25"]
[SourceVersion "1"]
[SourceVersionDate "2016.10.25"]
[SourceQuality "1"]

1. e4 c5 2. Nf3 e6 3. d4 cxd4 4. Nxd4 Nf6 5. Nc3 Nc6 6. Ndb5 Bb4 7. a3 Bxc3+ 8. Nxc3 d5 9. exd5 exd5 10. Bd3 0-0 11. 0-0 d4 12. Ne2 Qd5 13. Nf4 Qd6 14. Nh5 Qe5 15. Nxf6+ Qxf6 16. Qh5 h6 17. h3 Ne5 18. Be4 Re8 19. Re1 Bd7 20. Qd1 Bc6 21. Bxc6 Nxc6 22. Bd2 Re6 23. Qh5 Rae8 24. Qb5 Qg6 25. Qb3 R8e7 26. Rad1 Qf5 27. Qc4 Qg6 28. Qb3 Ne5 29. Bb4 Rd7 30. Kh2 Qf5 31. Rf1 Rg6 32. Kh1 Qe4 33. f3 Qe2 34. Rg1 d3 35. Rde1 Qxc2 36. Qxc2 dxc2 37. Rxe5 Rd1 38. Rc5 Rc6 39. Rxc2 Rxg1+ 40. Kxg1 Rxc2 41. Bc3 g6 42. Kh2 Kf8 43. Kg3 Ke7 44. f4 Ke6 45. Kf3 Rxc3+ 46. bxc3 Kd5 47. a4 Kc4 48. f5 gxf5 49. Kf4 Kxc3 50. Kxf5 Kb4 51. g4 Kxa4 52. g5 hxg5 53. Kxg5 b5 54. h4 b4 55. h5 b3 56. h6 b2 57. h7 b1Q 58. h8Q Qg1+ 59. Kf5 Qc5+ 60. Kf4 Qc4+ 61. Kf5 f6 62. Qh2 Qf1+ 63. Ke6 Qa6+ 64. Kf5 Qb6 65. Qa2+ Kb5 66. Qb3+ Ka6 67. Qg8 Qf2+ 68. Ke4 f5+ 69. Ke5 Qc5+ 70. Kf4 Kb7 71. Qb3+ Kc6 72. Qa4+ Kb6 73. Qb3+ Ka5 74. Qa2+ Kb5 75. Qg2 a5 76. Qb7+ Ka4 77. Qd7+ Qb5 78. Qd1+ Qb3 79. Qa1+ Kb4 80. Kxf5 Qc2+ 81. Ke6 a4 82. Qe1+ Qc3 83. Qg1 Qc6+ 84. Kf7 Qc4+ 85. Ke8 a3 86. Qe1+ Kb3 87. Qe3+ Qc3 88. Qb6+ Kc2 89. Qg6+ Qd3 90. Qc6+ Kd2 91. Qa4 Qe3+ 92. Kf7 Qf3+ 93. Ke8 Qh5+ 94. Ke7 Qe5+ 95. Kf8 Qb8+ 96. Ke7 Qb2 97. Qf4+ Kc2 98. Qe4+ Kb3 99. Qd5+ Ka4 100. Qa8+ Kb4 101. Qb7+ Kc5 102. Qc7+ Kd4 103. Qd6+ Ke4 104. Qg6+ Ke3 105. Qg5+ Ke2 106. Qg2+ Kd1 107. Qf1+ Kc2 108. Qf5+ Kb3 109. Qe6+ Ka4 110. Qa6+ Kb3 111. Qe6+ Kc3 112. Qe5+ Kc2 113. Qf5+ Kc1 114. Qf1+ Kc2 115. Qf5+ Kd2 116. Qf2+ Kd3 117. Qf5+ Ke2 118. Qe4+ Kf2 119. Qf4+ Ke1 120. Qg3+ Kf1 121. Qf3+ Kg1 122. Qg3+ Kf1 123. Qf3+ Ke1 124. Qg3+ Ke2 125. Qg4+ Kd2 126. Qf4+ Kc2 127. Qf5+ Kb3 128. Qe6+ Kb4 129. Qb6+ Kc4 130. Qc6+ Kb3 131. Qe6+ Ka4 132. Qa6+ Kb4 133. Qb6+ Kc3 134. Qf6+ Kc2 135. Qf5+ Kc3 1/2-1/2

[Event "POL Olympiad U12 Girls"]
[Site "Spala"]
[Date "2014.12.30"]
[Round "4.8"]
[White "Koruch, Maria"]
[Black "Raczykowska, Paulina"]
[Result "1-0"]
[WhiteElo "1362"]
[BlackElo "1228"]
[PlyCount "119"]
[EventDate "2014.04.06"]
[EventType "swiss"]
[EventRounds "9"]
[EventCountry "POL"]
[SourceTitle "EXT 2023"]
[Source "ChessBase"]
[SourceDate "2022.10.05"]
[SourceVersion "1"]
[SourceVersionDate "2022.10.05"]
[SourceQuality "1"]

1. e4 e5 2. Nf3 Nc6 3. Bb5 a6 4. Ba4 Nf6 5. d3 b5 6. Bb3 Bc5 7. c3 d6 8. 0-0 Bb6 9. Nbd2 Ne7 10. Re1 0-0 11. Nf1 Ng6 12. Ng3 h6 13. h3 Re8 14. d4 exd4 15. cxd4 Bb7 16. Bc2 Re7 17. Qd3 c5 18. a4 c4 19. Qa3 b4 20. Qe3 b3 21. Bb1 Nxe4 22. Bxe4 d5 23. Nd2 dxe4 24. Nxc4 Bxd4 25. Qxb3 Bd5 26. Nf5 Rc7 27. Nxd4 Bxc4 28. Qe3 Rac8 29. Bd2 Re7 30. Rad1 Qb6 31. Nf5 Qxe3 32. Nxe7+ Nxe7 33. Bxe3 Bb3 34. Rc1 Rd8 35. Rc7 Nf5 36. Rc6 Bxa4 37. Rxa6 Bc2 38. Rc6 Bd3 39. Rec1 Rd7 40. Rc8+ Kh7 41. R1c7 Rxc7 42. Rxc7 Nxe3 43. fxe3 f5 44. Rc3 Kg6 45. b4 Kg5 46. Kf2 Kh4 47. Rc5 g6 48. b5 h5 49. b6 Ba6 50. Ra5 Bb7 51. Ra7 Bc6 52. b7 Bxb7 53. Rxb7 g5 54. Rf7 g4 55. hxg4 Kxg4 56. g3 Kg5 57. Kg2 Kg6 58. Rf8 Kg5 59. Kh3 Kg6 60. Kh4 1-0

[Event "POL Olympiad U12 Girls"]
[Site "Spala"]
[Date "2014.12.30"]
[Round "6.9"]
[White "Malicka, Maria"]
[Black "Raczykowska, Paulina"]
[Result "1/2-1/2"]
[WhiteElo "1408"]
[BlackElo "1228"]
[PlyCount "112"]
[EventDate "2014.04.06"]
[EventType "swiss"]
[EventRounds "9"]
[EventCountry "POL"]
[SourceTitle "EXT 2023"]
[Source "ChessBase"]
[SourceDate "2022.10.05"]
[SourceVersion "1"]
[SourceVersionDate "2022.10.05"]
[SourceQuality "1"]

1. e4 e5 2. Nf3 Nc6 3. Bc4 Bc5 4. c3 Nf6 5. d3 a6 6. Bb3 Ba7 7. 0-0 0-0 8. Bg5 h6 9. Bh4 d6 10. Nbd2 Qe7 11. Re1 Be6 12. Nf1 Kh8 13. Qd2 Bxb3 14. axb3 Qe6 15. Ne3 Ne7 16. Bxf6 Qxf6 17. Nd5 Nxd5 18. exd5 Rfe8 19. Ra4 c6 20. dxc6 bxc6 21. Rea1 Rab8 22. Rxa6 Bb6 23. b4 d5 24. Ne1 e4 25. d4 Bc7 26. g3 Re6 27. Ra8 Rbe8 28. Rxe8+ Rxe8 29. Kg2 Qg6 30. Qe2 f5 31. Ra7 Bb8 32. Ra6 f4 33. Kg1 f3 34. Qe3 Rf8 35. Kh1 Qe6 36. Ra8 Bd6 37. Rxf8+ Bxf8 38. Nxf3 Qh3 39. Ng1 Qf1 40. Qe2 Qxe2 41. Nxe2 g5 42. Kg2 Kg7 43. g4 Bd6 44. h3 Kf6 45. Kf1 Ke6 46. Ke1 Kd7 47. Kd2 Kd8 48. Kc2 Kc7 49. Kb3 Kb6 50. Ka4 Ka6 51. b3 Bf4 52. c4 Bd2 53. Ng3 Be1 54. Nh1 Bc3 55. cxd5 cxd5 56. b5+ Kb6 1/2-1/2

[Event "POL Olympiad U12 Girls"]
[Site "Spala"]
[Date "2014.12.30"]
[Round "1.9"]
[White "Raczykowska, Paulina"]
[Black "Kulpa, Zuzanna"]
[Result "1-0"]
[WhiteElo "1228"]
[BlackElo "1425"]
[PlyCount "37"]
[EventDate "2014.04.06"]
[EventType "swiss"]
[EventRounds "9"]
[EventCountry "POL"]
[SourceTitle "EXT 2023"]
[Source "ChessBase"]
[SourceDate "2022.10.05"]
[SourceVersion "1"]
[SourceVersionDate "2022.10.05"]
[SourceQuality "1"]

1. e4 e6 2. d4 d5 3. e5 c5 4. c3 Nc6 5. Nf3 Qb6 6. Bd3 Bd7 7. Bc2 cxd4 8. cxd4 Be7 9. 0-0 f6 10. Nc3 Na5 11. Qe2 Nc6 12. Rd1 Rc8 13. Nxd5 exd5 14. e6 Bxe6 15. Qxe6 Rd8 16. Bxh7 Rd6 17. Bg6+ Kd8 18. Qf7 Nh6 19. Qxg7 1-0

[Event "POL Olympiad U12 Girls"]
[Site "Spala"]
[Date "2014.12.30"]
[Round "5.15"]
[White "Raczykowska, Paulina"]
[Black "Pyzio, Amelia"]
[Result "1-0"]
[WhiteElo "1228"]
[BlackElo "1346"]
[PlyCount "59"]
[EventDate "2014.04.06"]
[EventType "swiss"]
[EventRounds "9"]
[EventCountry "POL"]
[SourceTitle "EXT 2023"]
[Source "ChessBase"]
[SourceDate "2022.10.05"]
[SourceVersion "1"]
[SourceVersionDate "2022.10.05"]
[SourceQuality "1"]

1. e4 e6 2. d4 d5 3. e5 c5 4. c3 Nc6 5. Nf3 Qb6 6. Bd3 Bd7 7. Bc2 cxd4 8. cxd4 Nb4 9. 0-0 Nxc2 10. Qxc2 Ne7 11. Nc3 Nf5 12. Rd1 Be7 13. a3 0-0 14. g4 Nh4 15. Nxh4 Bxh4 16. Rd3 h6 17. Rh3 g5 18. Be3 Qd8 19. Rf1 Kg7 20. f4 Rh8 21. fxg5 hxg5 22. Rhf3 Be8 23. Rf6 Rh6 24. Rxh6 Kxh6 25. Rf6+ Kg7 26. Qd2 Kf8 27. Bxg5 Bxg5 28. Qxg5 Ke7 29. h4 Qb6 30. Nxd5+ 1-0

[Event "POL-chT U19 2nd League"]
[Site "Szczyrk"]
[Date "2014.08.02"]
[Round "11.96"]
[White "Raczykowska, Paulina"]
[Black "Kulpa, Zuzanna"]
[Result "0-1"]
[WhiteElo "1242"]
[BlackElo "1435"]
[PlyCount "168"]
[EventDate "2014.07.25"]
[EventType "team-swiss"]
[EventRounds "11"]
[EventCountry "POL"]
[SourceTitle "EXT 2015"]
[Source "ChessBase"]
[SourceDate "2014.11.20"]
[SourceVersion "1"]
[SourceVersionDate "2014.11.20"]
[SourceQuality "1"]
[WhiteTeam "Kozuchow Odrodzenie U19"]
[BlackTeam "Mikolow AKS U19"]
[WhiteTeamCountry "POL"]
[BlackTeamCountry "POL"]

1. e4 c5 2. Nf3 d6 3. d4 cxd4 4. Nxd4 Nf6 5. Nc3 g6 6. Be2 Bg7 7. 0-0 Nc6 8. Be3 0-0 9. f4 Qb6 10. Na4 Qd8 11. Nc3 Ng4 12. Bxg4 Bxg4 13. Qxg4 Nxd4 14. Qd1 Nc6 15. Qd2 Rc8 16. Rab1 Na5 17. Bxa7 Nc4 18. Qf2 b6 19. Nd5 Rc6 20. b3 Na3 21. Bxb6 Qd7 22. Rbd1 Rxc2 23. Rd2 Rfc8 24. Nb4 Rxd2 25. Qxd2 Bc3 26. Qd5 Bxb4 27. Bf2 Qc6 28. Qxc6 Rxc6 29. Be3 Rc2 30. Rf2 Rxf2 31. Kxf2 Bc5 32. Ke2 Bxe3 33. Kxe3 Kg7 34. Kd4 Kf6 35. Kc3 Ke6 36. Kb4 Nc2+ 37. Ka5 Kd7 38. b4 Kc7 39. h3 Kb7 40. b5 Ne3 41. g3 Nc4+ 42. Kb4 Nd2 43. e5 dxe5 44. fxe5 Nf3 45. e6 fxe6 46. a4 Ne5 47. Kc5 Nd7+ 48. Kb4 Kb6 49. a5+ Kb7 50. Kc4 Ka7 51. Kb4 Nf6 52. Kc5 Ne4+ 53. Kc6 Nd6 54. Kc5 e5 55. Kd5 e4 56. Kd4 e5+ 57. Kc3 Nxb5+ 58. Kd2 Ka6 59. Ke3 Nd6 60. Ke2 Kxa5 61. Ke3 Kb4 62. Ke2 Kc4 63. Ke3 Kd5 64. g4 Nc4+ 65. Ke2 e3 66. Kd3 e4+ 67. Ke2 Ke5 68. Ke1 Kf4 69. Ke2 Kg3 70. Ke1 Kf3 71. Kf1 Nd2+ 72. Ke1 e2 73. Kxd2 Kf2 74. Kc3 e1Q+ 75. Kc4 Qd1 76. Kc5 Qd3 77. Kb4 Qc2 78. Kb5 Qc3 79. Kb6 Qc4 80. Kb7 Qc5 81. h4 h6 82. h5 gxh5 83. gxh5 Ke3 84. Kb8 Qe7 0-1

[Event "POL-chT U19 2nd League"]
[Site "Szczyrk"]
[Date "2014.08.01"]
[Round "10.102"]
[White "Jurkiewicz, Zuzanna"]
[Black "Raczykowska, Paulina"]
[Result "0-1"]
[WhiteElo "1442"]
[BlackElo "1242"]
[PlyCount "136"]
[EventDate "2014.07.25"]
[EventType "team-swiss"]
[EventRounds "11"]
[EventCountry "POL"]
[SourceTitle "EXT 2015"]
[Source "ChessBase"]
[SourceDate "2014.11.20"]
[SourceVersion "1"]
[SourceVersionDate "2014.11.20"]
[SourceQuality "1"]
[WhiteTeam "Brzozow UKS SP 1 U19"]
[BlackTeam "Kozuchow Odrodzenie U19"]
[WhiteTeamCountry "POL"]
[BlackTeamCountry "POL"]

1. d4 d5 2. c4 e6 3. Nc3 Nf6 4. Bg5 Be7 5. Nf3 0-0 6. e3 h6 7. Bh4 b6 8. Be2 Bb7 9. 0-0 Nbd7 10. a3 c5 11. Rc1 Rc8 12. cxd5 Nxd5 13. Bxe7 Nxe7 14. Nb5 Ra8 15. Nd6 Bc6 16. dxc5 Nxc5 17. Ne5 Ba4 18. b3 Bxb3 19. Qd4 f6 20. Nec4 Ba4 21. Qb2 b5 22. Nxb5 Rb8 23. Ncd6 Qxd6 24. Qb4 Bxb5 25. Bxb5 Rfc8 26. Rfd1 Qe5 27. Qa5 Ne4 28. Rxc8+ Rxc8 29. Qxa7 Nc3 30. Rf1 Qxb5 31. Qxe7 Re8 32. Qd6 Ne2+ 33. Kh1 Nd4 34. Kg1 Nc2 35. h3 Qa4 36. Qc5 Nxa3 37. Ra1 Ra8 38. Qe7 Ra6 39. Qd8+ Kh7 40. Qd3+ f5 41. Qc3 Ra7 42. Qd3 Qa6 43. Qb3 Qd6 44. Kh1 Ra6 45. Kg1 Qc6 46. Kh2 Nb5 47. Rd1 Ra3 48. Qb4 Rc3 49. Rb1 Nc7 50. Ra1 Rc2 51. Qf4 Nd5 52. Qg3 Qc7 53. Qxc7 Nxc7 54. Kg3 Kg6 55. Ra7 Kf6 56. Ra5 Nd5 57. Kf3 Rc3 58. Ke2 f4 59. e4 Rc2+ 60. Kd1 Nb4 61. Rb5 Rb2 62. f3 Nd3 63. Rxb2 Nxb2+ 64. Ke2 Ke5 65. Kf2 Kd4 66. g3 g5 67. g4 Kd3 68. e5 Kd2 0-1

[Event "POL-chT U19 2nd League"]
[Site "Szczyrk"]
[Date "2014.07.28"]
[Round "6.66"]
[White "Humin, Julia"]
[Black "Raczykowska, Paulina"]
[Result "0-1"]
[WhiteElo "1457"]
[BlackElo "1242"]
[PlyCount "148"]
[EventDate "2014.07.25"]
[EventType "team-swiss"]
[EventRounds "11"]
[EventCountry "POL"]
[SourceTitle "EXT 2015"]
[Source "ChessBase"]
[SourceDate "2014.11.20"]
[SourceVersion "1"]
[SourceVersionDate "2014.11.20"]
[SourceQuality "1"]
[WhiteTeam "Bydgoszcz Hetman U19"]
[BlackTeam "Kozuchow Odrodzenie U19"]
[WhiteTeamCountry "POL"]
[BlackTeamCountry "POL"]

1. e4 e5 2. Nf3 Nc6 3. Bb5 a6 4. Bxc6 dxc6 5. 0-0 f6 6. d4 exd4 7. Nxd4 c5 8. Ne2 Qxd1 9. Rxd1 Bg4 10. f3 Be6 11. Bf4 c6 12. Nbc3 g5 13. Bc7 b5 14. Rd2 Nh6 15. Rad1 Nf7 16. Ng3 h5 17. Re1 Rc8 18. Bb6 Rb8 19. Ba5 Bd6 20. Nf5 Be5 21. Ng7+ Ke7 22. Nxe6 Kxe6 23. b3 b4 24. Na4 Rb5 25. Bb6 Bc3 26. Red1 Bxd2 27. Rxd2 Ne5 28. Nxc5+ Kf7 29. Na4 a5 30. Rd6 Re8 31. Kf2 Ke7 32. Rd4 Rb8 33. Bc7 Rc8 34. Bb6 Nd7 35. Ba7 Rc7 36. Rxd7+ Rxd7 37. Bc5+ Kf7 38. Ke2 Rb8 39. Nb6 Rdb7 40. Nc4 Rd7 41. Bb6 Kg6 42. Bc5 g4 43. f4 Re8 44. f5+ Kh7 45. Ke3 Rd1 46. Ke2 Rh1 47. Kf2 Rxe4 48. Be3 Ra1 49. Nd2 Re8 50. Bd4 Rxa2 51. Nc4 Rxc2+ 52. Kg3 Ree2 53. Ne3 Ra2 54. Kh4 Kh6 55. Bxf6 Ra3 56. Bg5+ Kg7 57. Kxh5 Rxb3 58. f6+ Kf8 59. Kg6 Rf2 60. Nf5 Rxf5 61. Kxf5 Kf7 62. Kxg4 Rb2 63. Kg3 Rc2 64. h4 b3 65. h5 b2 66. h6 b1Q 67. Kh3 Qh1+ 68. Kg4 Rxg2+ 69. Kf5 Qb1+ 70. Kf4 Qc1+ 71. Kf5 Qxg5+ 72. Ke4 Rg4+ 73. Kf3 Qh4 74. h7 Qh3+ 0-1